| 000 | 00680nam a2200217Ii 4500 | ||
|---|---|---|---|
| 003 | JO-AjNU | ||
| 008 | 230606s9999||||xx |||||||||||||| ||und|| | ||
| 020 | _a978-81-8356-424-3 | ||
| 040 |
_aJO-AjNU _beng _erda _cJO-AjNU |
||
| 041 | _aeng | ||
| 050 | 1 | 4 | _aBF698.R35.2009 |
| 100 | 3 |
_aRaju,Mouni , Raju,M.V.R , Babu,Prasad , Rao,Digumarti, _eauthor _9138 |
|
| 245 | 0 | 0 | _aPersonality and Adjustment of University Hostel Students |
| 250 | _a1 ed | ||
| 264 | 3 | 1 | _aNew Delhi:Discovery Publishing House,2009 |
| 300 | _a173P | ||
| 336 |
_atext _btxt _2rdacontent |
||
| 337 |
_aunmediated _bn _2rdamedia |
||
| 338 |
_avolume _bnc _2rdacarrier |
||
| 650 | 4 |
_aPersonality and Adjustment _9139 |
|
| 999 |
_aE73 _c73 _d73 |
||